| 000 | 00785cam a2200229 a 4500 | ||
|---|---|---|---|
| 005 | 20220819094315.0 | ||
| 008 | 191126s2019 mx ao r 000 0 spa d | ||
| 020 | _a9786075511931 | ||
| 035 | _aUPN01000234335 | ||
| 040 |
_aMX-MxUPN _bspa _cMX-MxUPN |
||
| 050 | 4 |
_aLB1651 _bM61 2019 LM |
|
| 245 | 0 | 0 |
_aCiencias y tecnología : _bbiología : libro para el maestro : telesecundaria : primer grado |
| 250 | _aSegunda edición | ||
| 260 |
_aMéxico : _bSEP, Dirección General de Materiales Educativos , _c2019. |
||
| 300 |
_a175 páginas : _bilustraciones, fotografías |
||
| 490 | 0 | _aTelesecundaria | |
| 500 | _a"Ciclo escolar 2019-2020". | ||
| 650 | 7 |
_94532 _aBiología _xEstudio y enseñanza (Secundaria) |
|
| 905 | _aLibro | ||
| 942 |
_2lcc _cLIBRO |
||
| 999 |
_c206430 _d206430 |
||